| 000 | 01546cam a22002891i 4500 | ||
|---|---|---|---|
| 003 | SA-RiAUC | ||
| 005 | 20241022132655.0 | ||
| 008 | 241020s1934 le g 000 0dara c | ||
| 040 |
_aSA-JeALM _bara _cSA-RiAUC _erda |
||
| 082 | 0 | 4 |
_a258.4 _qSA-RiAUC |
| 090 |
_a258.4 _b ا ب و د |
||
| 100 | 1 |
_aأبو داود، سليمان بن الأشعث بن إسحاق، _d202-275 هجري _eمؤلف. |
|
| 245 | 1 | 0 |
_aكتاب مسائل الإمام أحمد عالم الأمة ومحيي السنة أبي عبد الله أحمد بن محمد بن حنبل الشيباني / _cتأليف أبي داود سليمان بن الأشعت بن إسحاق بن بشير بن شداد السجستاني ؛ مقدمة بقلم محمد رشيد رضا. |
| 246 | 3 | 0 | _aمسائل الإمام أحمد عالم الأمة ومحيي السنة أبي عبد الله أحمد بن محمد بن حنبل الشيباني |
| 250 | _aالطبعة الثانية. | ||
| 264 | 1 |
_aبيروت : _bمحمد أمين دمج، |
|
| 300 |
_a328 صفحة ؛ _c25 سم |
||
| 336 |
_aنص _btxt _2rdacontent _3كتاب |
||
| 337 |
_aبدون وسيط _bn _2rdamedia |
||
| 338 |
_aمجلد _bnc _2rdacarrier |
||
| 600 | 1 | 7 |
_aالإمام ابن حنبل، أحمد محمد بن حنبل، _d164-241 هجري _2aucnm |
| 650 | 7 |
_aالفقه الحنبلي _2aucsh |
|
| 650 | 7 |
_aالفقه الإسلامي _xمذاهب _2aucsh |
|
| 700 | 0 |
_aمحمد رشيد رضا، _d1865-1935 _eمقدم. |
|
| 942 |
_2ddc _cBOOK _n0 |
||
| 949 |
_aSA-JeALM _d241020 _umohamedma123 _n1 |
||
| 999 |
_c1592 _d1592 |
||